Optimalizácia rozpočtového systému v podniku bakalárska práca

Salvato in:
Dettagli Bibliografici
Autore principale: Čulen, Radovan
Ente Autore: Fakulta podnikového manažmentu EU. Katedra podnikovohospodárska
Altri autori: Šagátová, Slavka, 1975-
Natura: Libro
Lingua:slovacco
Pubblicazione: Bratislava 2018
Tags: Aggiungi Tag
Nessun Tag, puoi essere il primo ad aggiungerne!!

MARC

LEADER 00000nbm a2200000 4500
001 0244856
005 20181009111430.0
041 0 |a slo 
044 |a SK 
245 1 0 |a Optimalizácia rozpočtového systému v podniku  |b bakalárska práca  |c Radovan Čulen ; školiteľ: Slavka Šagátová 
264 1 |a Bratislava  |c 2018 
300 |a 37 s. 
100 1 |a Čulen, Radovan 
700 1 |a Šagátová, Slavka, 1975- 
710 2 |a Fakulta podnikového manažmentu EU. Katedra podnikovohospodárska